Marvel Picture Find: Fantastic Four Quiz Stats

 Plays Quiz Updated Jul 18, 2018

Challenge
Share
Tweet
Score 0/68 Timer 12:00
19 Plays Today
% Correct
Thing
96.7%
Mr. Fantastic
93%
Silver Surfer
92.9%
Human
Torch
92.6%
Invisible
Woman
91%
Dr. Doom
85.2%
Galactus
80.7%
Namor the
Sub-Mariner
77.6%
She-Hulk
73.8%
Power
Man
72%
Storm
70.4%
Ronan the
Accuser
69.8%
Black
Panther
69.6%
Black
Bolt
68.4%
Uatu the
Watcher
66.8%
Tigra
66.4%
Ant-Man
66%
Medusa
65%
Spider-Man
64.8%
Mole Man
63.4%
Kang the
Conqueror
62.5%
Super-
Skrull
60.2%
Lockjaw
56.9%
H.E.R.B.I.E.
55.7%
Franklin
Richards
53.8%
Klaw
51.4%
Namorita
50.7%
Puppet
Master
50.2%
Wizard
49.4%
Annihilus
48.1%
She-
Thing
43.6%
Terrax
the Tamer
41.7%
Impossible Man
41.6%
Crystal
40.7%
% Correct
Dragon Man
40.6%
Diablo
39.7%
Ms. Marvel
38.9%
Gorgon
38%
Karnak
37.6%
Sandman
35.5%
Mad Thinker
35%
Valeria
Richards
34.9%
Thundra
33.6%
Triton
32.1%
Blastaar
31.3%
Nova
30.3%
Beyonder
29%
Red
Ghost
28.1%
Awesome
Android
26.9%
Trapster
26.9%
Agatha
Harkness
26.5%
Rama-
Tut
25%
Wyatt
Wingfoot
24.7%
Willie
Lumpkin
24.4%
Molecule Man
24.1%
Quasimodo
21.3%
Immortus
20.4%
Psycho-Man
20.3%
Malice
20.1%
Igor
18.1%
Aron the
Rogue
Watcher
16.6%
Mikhlo
13.9%
Peotor
13.8%
Brute
11%
Hyperstorm
9.8%
Occulus
9.1%
Devos the
Devastator
8.5%
Flux
7.2%

You're not logged in!

Compare scores with friends on all Sporcle quizzes.
Join for Free
OR
Log In

You Might Also Like...

Show Comments

Extras

Top Quizzes Today


Score Distribution

Your Account Isn't Verified!

In order to create a playlist on Sporcle, you need to verify the email address you used during registration. Go to your Sporcle Settings to finish the process.

Report this User

Report this user for behavior that violates our Community Guidelines.

Details: